• 首页
  • 本馆介绍
  • 公告通知
  • 最新文献
  • 馆藏检索
  • 电子资源
  • 读者导购
  • 参考咨询
  • 我的图书馆
  • 登录
  • 详细信息显示
  • 放入我的书架
  • 预约/预借图书
  • 作者相关作品
  • 分类相关作品
  • 丛书相关作品
  • 出版社相关作品

书目信息

  • 表格格式
  • 工作单格式
  • 卡片格式
题名:
四大菜系常用菜谱精选
    
 
作者: 吴杰 , 张亚琴 主编
分册:  
出版信息: 北京   农村读物出版社  1999.06
页数: 101页
开本: 19cm
丛书名:
单 册:
中图分类: TS972.1
科图分类: 85.931
主题词: 菜谱--中国
电子资源:
ISBN: 7-5048-3012-7
000 00715nam0 2200241 45
001 0199070814
005 20070602094237.60
010    @a7-5048-3012-7@dCNY10.00
100    @a20000101d1999 em y0chiy0121 ea
101 0  @achi
102    @aCN@b110000
105    @af z 000yy
200 1  @a四大菜系常用菜谱精选@ASi Da Cai Xi Chang Yong Cai Pu Jing Xuan@f吴杰,张亚琴主编@FWu Jie, Zhang Ya Qin Zhu Bian
210    @a北京@c农村读物出版社@d1999.06
215    @a101页@c彩图@d19cm
606    @a菜谱@y中国
690    @aTS972.1@v4
692    @a85.931@v2
701  0 @a吴杰@AWu Jie@4主编
701  0 @a张亚琴@AZhang Ya Qin@4主编
801  0 @aCN@bNLC@c20070602
905    @aBZT@dTS972.1@e269
906    @dCNY10.00@n0@r1
    
    四大菜系常用菜谱精选/吴杰,张亚琴主编.-北京:农村读物出版社,1999.06
    101页:彩图;19cm
    
    
    ISBN 7-5048-3012-7:CNY10.00
    
●
相关链接 在五车中查询图书 在当当中查询图书 在豆瓣中查询图书


正题名:四大菜系常用菜谱精选     索取号:TS972.1/269         预约/预借

序号 登录号 条形码 馆藏地/架位号 状态 备注
1 537504   230144067   中心书库中库/ 中库024架A面2列3层56/ [索取号:TS972.1/269] 在馆    
2 537505   230144066   中心书库中库/ 中库024架A面2列3层83/ [索取号:TS972.1/269] 在馆    
3 537506   230144065   中心书库中库/ 中库024架A面2列3层53/ [索取号:TS972.1/269] 在馆    
4 537507   230144064   中心书库中库/ 中库024架A面2列3层84/ [索取号:TS972.1/269] 在馆    
5 537508   230144063   中心书库中库/ 中库024架A面2列3层81/ [索取号:TS972.1/269] 在馆    
6 537509   230144062   中心书库中库/ 中库024架A面2列3层55/ [索取号:TS972.1/269] 在馆    
7 537510   230144061   中心书库中库/ 中库024架A面1列5层23/ [索取号:TS972.1/269] 在馆    
8 537511   230144060   中心书库中库/ 中库024架A面2列3层82/ [索取号:TS972.1/269] 在馆    
9 537512   230144059   中心书库中库/ 中库024架A面2列3层38/ [索取号:TS972.1/269] 在馆    
10 537513   230144058   中心书库中库/ 中库024架A面2列3层54/ [索取号:TS972.1/269] 在馆    
山东省滨州职业学院图书馆 欢迎您!
大连网信软件有限公司© 版权所有